| 000 | 00925nam a22003017a 4500 | ||
|---|---|---|---|
| 999 |
_c792 _d792 |
||
| 001 | 002453 | ||
| 003 | CoMeUDC002453 | ||
| 005 | 20190115220742.0 | ||
| 008 | 931030s1993 ck r 00110 spa d | ||
| 015 | _ack-1993-xxxx | ||
| 020 | _a9589288006 | ||
| 035 | _aAEV0475 LA | ||
| 040 |
_ala _cCoMeUDC |
||
| 041 | 0 | _aspa | |
| 043 |
_ae------ _an-mx--- _as-ck--- |
||
| 082 | 0 | 4 |
_a347.07 _bA681t _219 ed. |
| 100 | 1 | _aArenas Salazar, Jorge. | |
| 245 | 1 | 3 |
_aLa tutela : _buna acción humanitaria / _cJorge Arenas Salazar. |
| 250 |
_a2a. ed. _bactualizada. |
||
| 260 |
_aSanta Fé e Bogotá : _bEdiciones Doctrina y Ley, _c1993. |
||
| 300 |
_a643 p. ; _c24 cm. |
||
| 500 | _aIncluye índice. | ||
| 650 | 0 |
_aAcción de tutela _x Historia _z Colombia. _91087 |
|
| 650 | 0 |
_aAcción de tutela _x Historia _z Europa. _91088 |
|
| 650 | 0 |
_aAcción de tutela _x Historia _z Mx̌ico. _91089 |
|
| 942 |
_2ddc _cBK |
||
| 949 |
_ac _bc |
||